Spacetime and geometry : An introduction to general relativity
Carroll (University of Chicago) explains the mathematical strategy of describing gravity as the geometry of a curved manifold, derives Einstein's field equation for the metric in general relativity, and discusses the three major applications of general relativity: black holes, perturbation theo...
Na minha lista:
| Autor principal: | |
|---|---|
| Formato: | Livro |
| Idioma: | Undetermined |
| Publicado em: |
San Francisco, CA.
Addison Wesley
2004
|
| Assuntos: | |
| Tags: |
Adicionar Tag
Sem tags, seja o primeiro a adicionar uma tag!
|
| Thư viện lưu trữ: | Trung tâm Học liệu Trường Đại học Cần Thơ |
|---|
| LEADER | 01009nam a2200217Ia 4500 | ||
|---|---|---|---|
| 001 | CTU_117107 | ||
| 008 | 210402s9999 xx 000 0 und d | ||
| 020 | |c 89.60 | ||
| 082 | |a 530.11 | ||
| 082 | |b C319 | ||
| 100 | |a Carroll, Sean M. | ||
| 245 | 0 | |a Spacetime and geometry : | |
| 245 | 3 | |b An introduction to general relativity | |
| 245 | 0 | |c Sean M. Carroll | |
| 260 | |a San Francisco, CA. | ||
| 260 | |b Addison Wesley | ||
| 260 | |c 2004 | ||
| 520 | |a Carroll (University of Chicago) explains the mathematical strategy of describing gravity as the geometry of a curved manifold, derives Einstein's field equation for the metric in general relativity, and discusses the three major applications of general relativity: black holes, perturbation theory, and gravitational waves. This graduate textbook also provides a brief introduction to quantum field theory in curved spacetime. | ||
| 650 | |a General relativity ( physics ) | ||
| 904 | |i Minh | ||
| 980 | |a Trung tâm Học liệu Trường Đại học Cần Thơ | ||